| 000 | 00921nam a2200265 a 4500 | ||
|---|---|---|---|
| 005 | 20200104041527.0 | ||
| 008 | 140304s2000 ec abd fr|||| 000 0 spa d | ||
| 040 |
_aCO-BoIAVH _cCO-BoIAVH |
||
| 041 | 0 | _aspa | |
| 044 | _aec | ||
| 082 | 0 | 4 |
_a338.9 _bM66e |
| 110 | 2 |
_bEcuador. _aMinisterio del Medio Ambiente |
|
| 245 | 1 | 0 |
_aEstrategia ambiental para el desarrollo sustentable del Ecuador / _cMinisterio del Medio Ambiente |
| 260 |
_aQuito : _bMinisterio del Medio Ambiente, _c2000. |
||
| 300 |
_a83 páginas : _bIlustraciones, mapas, gráficos ; _c28 x 22 cm. |
||
| 650 | 6 | _aDesarrollo sostenible | |
| 650 | 6 | _aPolítica ambiental | |
| 650 | 6 | _aUso sostenible | |
| 650 | 6 | _aConservación de biodiversidad | |
| 650 | 6 | _aGestión ambiental | |
| 650 | 6 | _aRecuperación de ecosistemas | |
| 650 | 6 | _aEcosistemas frágiles | |
| 662 | _aEcuador | ||
| 942 |
_cLIBRO _2ddc |
||
| 999 |
_c2086 _d2086 |
||